Studies on the feasibility of a pneumatic injector for seeding of rice (Record no. 15070)
[ view plain ]
| 000 -LEADER | |
|---|---|
| fixed length control field | 00746nam a22001817a 4500 |
| 003 - CONTROL NUMBER IDENTIFIER | |
| control field | OSt |
| 088 ## - REPORT NUMBER | |
| Report number | P 156 |
| 100 ## - MAIN ENTRY--AUTHOR NAME | |
| Personal name | LIYA JOY |
| -- | SREEJA S |
| -- | SUSHIL SIVARAM |
| 245 ## - TITLE STATEMENT | |
| Title | Studies on the feasibility of a pneumatic injector for seeding of rice |
| 260 ## - PUBLICATION, DISTRIBUTION, ETC. (IMPRINT) | |
| Place of publication | Tavanur 2005 |
| Name of publisher | Kelappaji College of Agricultural Engineering and Technology |
| 300 ## - PHYSICAL DESCRIPTION | |
| Number of Pages | 64 |
| 500 ## - GENERAL NOTE | |
| General note | Studies on the feasibility of a pneumatic injector for seeding of rice |
| 520 ## - SUMMARY, ETC. | |
| Summary, etc | to design and develop a pneumatic paddy seed injector. to test the performance of paddy seed injector. three models. |
| 700 ## - ADDED ENTRY--PERSONAL NAME | |
| Personal name | Er. Manoj Mathew (Guide) |
| 856 ## - ELECTRONIC LOCATION AND ACCESS | |
| Uniform Resource Identifier | https://drive.google.com/open?id=1spzfQkFad6arQlTgXmX5VjigA34gSNqN |
| 942 ## - ADDED ENTRY ELEMENTS (KOHA) | |
| Koha item type | Project Report |
| Collection code | Home library | Current library | Shelving location | Full call number | Accession Number | Koha item type |
|---|---|---|---|---|---|---|
| Reference | KAUAET | KAUAET | Reference | 631.3 LIY/ST | P 156 | Project Report |
